000 00481nam a2200169Ia 4500
008 090711s9999 xx 000 0 und d
082 _b62948
100 _aखरे सुरेश
245 _aमला उत्तर हवय ?
260 _c1970
300 _a76
600 _aखरे सुरेश
630 _aमला उत्तर हवय ?
700 _aखरे सुरेश
730 _aमला उत्तर हवय ?
942 _cBOOK
999 _c307922
_d307922